ბათუმის შოთა რუსთაველის სახელმწიფო უნივერსიტეტის ბიბლიოთეკა

Первобытное общество : (ბიბ.ჩანაწერი № 60913)

000 -LEADER
fixed length control field 00722nam a22001697a 4500
005 - DATE AND TIME OF LATEST TRANSACTION
control field 20231117123650.0
008 - FIXED-LENGTH DATA ELEMENTS--GENERAL INFORMATION
fixed length control field 231117s1974 ru ||||| |||| 00| 0 rus d
041 ## - LANGUAGE CODE
Language code of text/sound track or separate title rus
080 ## - UNIVERSAL DECIMAL CLASSIFICATION NUMBER
Universal Decimal Classification number 94:316 П-26
245 ## - TITLE STATEMENT
Title Первобытное общество :
Remainder of title Основные проблемы развития /
Statement of responsibility, etc. Ред. А.И. Першиц.
264 ## - PRODUCTION, PUBLICATION, DISTRIBUTION, MANUFACTURE, AND COPYRIGHT NOTICE
Place of production, publication, distribution, manufacture Москва :
Name of producer, publisher, distributor, manufacturer Наука,
Date of production, publication, distribution, manufacture, or copyright notice 1975.
300 ## - PHYSICAL DESCRIPTION
Extent 285 с.;
Other physical details 23 см.
653 ## - INDEX TERM--UNCONTROLLED
keyword პირველყოფილი საზოგადოება
653 ## - INDEX TERM--UNCONTROLLED
keyword განვითარების ძირითადი პრობლემები
700 ## - ADDED ENTRY--PERSONAL NAME
Personal name Першиц, А.И.
Relator term რედაქტორი
9 (RLIN) 20421
942 ## - ADDED ENTRY ELEMENTS (KOHA)
Source of classification or shelving scheme
Koha item type წიგნი
ეგზემპლარები
Withdrawn status Lost status Source of classification or shelving scheme Damaged status Not for loan Permanent Location Current Location Shelving location Date acquired Cost, normal purchase price Full call number Barcode Date last seen Copy number Uniform Resource Identifier Price effective from Koha item type Public note
          ბათუმის შოთა რუსთაველის სახელმწიფო უნივერსიტეტის მთავარი ბიბლიოთეკა ბათუმის შოთა რუსთაველის სახელმწიფო უნივერსიტეტის მთავარი ბიბლიოთეკა წიგნსაცავი 2023-11-17 8.00 94:316 П-26 65462 2023-11-17 65462 ბსუ-ს საპატიო დოქტორის გურამ ლორთქიფანიძის საჩუქარი 2023-11-17 წიგნი 8 ლ.